| 000 | 00358nam a2200145Ia 4500 | ||
|---|---|---|---|
| 008 | 210210b2000 xxu||||| |||| 00| 0 eng d | ||
| 020 | _a8174462201 | ||
| 082 | _a658.848 VASI | ||
| 100 | _aVASUDEVA (P K). | ||
| 245 | _aInternational marketing. | ||
| 260 |
_aND _bExcel Books _c2000 |
||
| 300 | _ax,406 | ||
| 690 | _aInternational Trade | ||
| 906 | _aSG03538 | ||
| 999 |
_c114512 _d114512 |
||